000 00656nam a2200289Ia 4500
005 20260324144539.0
008 008 260324s9999 xx 000 0 eng d
020 _a9780429434365
037 _aEBOOK
040 _aCRL
040 _beng
040 _cCRL
041 _2eng
041 _aeng
084 _qCRL
100 _aCelia Levy
_91219724
245 0 _aStuttering Therapies
245 0 _bPractical Approaches
260 _bTaylor and Francis
260 _c1987
365 _a
365 _b180
856 _uhttp://www.taylorfrancis.com/books/9780429434365
942 _cEBOOK
999 _c1826469
_d1826469